Galina Balashova : Architect of the Soviet Space Programme /

Guardado en:
Detalles Bibliográficos
Autor principal: Meuser, Philipp (Autor)
Formato: Libro
Lenguaje:inglés
Publicado: Berlin : DOM publishers, 2014
Edición:1. vydanie
Colección:Basics
Materias:
Etiquetas: Agregar Etiqueta
Sin Etiquetas, Sea el primero en etiquetar este registro!

MARC

LEADER 00000nam a22000003a 4500
001 0086365
003 SK-STU
005 20210115125427.0
007 ta
008 210114s ----xo-----e------000-0-----d
020 |a 978-3-86922-355-1 
040 |a STU  |b slo 
041 0 |a eng 
044 |a gw 
100 1 |a Meuser, Philipp  |4 aut 
245 1 0 |a Galina Balashova :  |b Architect of the Soviet Space Programme /  |c aut. Philipp Meuser 
250 |a 1. vydanie 
260 |a Berlin :  |b DOM publishers,  |c 2014 
300 |a 160 s.,  |b 189 obr. 
490 0 |a Basics 
650 0 7 |a architektonické navrhovanie 
650 0 7 |a rakety 
650 0 7 |a výskumné projekty 
650 0 7 |a vesmírna raketa 
650 0 7 |a interiér 
650 0 7 |a vesmírne stanice 
650 0 7 |a vesmírne moduly 
650 0 7 |a architektúra sovietska 
996 |b 284AU08557  |c A* 11821/U  |l AAKNAR  |s A  |a 24  |w 0086365_0001